LEADER 00939nas 2200313 a 450 001 996198456603316 005 20231101154211.0 011 $a1468-2885 035 $a(OCoLC)49374452 035 $a(CKB)954925593466 035 $a(CONSER) 2002253336 035 $a(MiAaPQ)31256 035 $a(DE-599)ZDB2026866-X 035 $a(EXLCZ)99954925593466 100 $a20010808a19919999 sy 101 0 $aeng 200 10$aCommunication theory 210 $aOxford, U.K. $cOxford University Press on behalf of the International Communication Association 300 $aRefereed/Peer-reviewed 311 $a1050-3293 606 $aCommunication$vPeriodicals 606 $aInformation theory$vPeriodicals 615 0$aCommunication 615 0$aInformation theory 712 02$aInternational Communication Association. 906 $aJOURNAL 912 $a996198456603316 996 $aCommunication theory$956657 997 $aUNISA